Numerical Analysis for Engineers: Methods and Applications 2/E (Record no. 531051)

000 -LEADER
fixed length control field 00413nam a2200133Ia 4500
008 - FIXED-LENGTH DATA ELEMENTS--GENERAL INFORMATION
fixed length control field 191014s9999 xx 000 0 und d
020 ## - INTERNATIONAL STANDARD BOOK NUMBER
International Standard Book Number 978-1-4822-50350
082 ## - DEWEY DECIMAL CLASSIFICATION NUMBER
Classification number 621.00151
Author Mark AYY
100 ## - MAIN ENTRY--PERSONAL NAME
Personal name Bilal M. Ayyub Richard H. Mc Cuen
9 (RLIN) 20465
245 #0 - TITLE STATEMENT
Title Numerical Analysis for Engineers: Methods and Applications 2/E
260 ## - PUBLICATION, DISTRIBUTION, ETC.
Place of publication, distribution, etc. USA
Name of publisher, distributor, etc. CRC Press Taylor & Fracis Group
Date of publication, distribution, etc. 2016
300 ## - PHYSICAL DESCRIPTION
Extent XIX,431
942 ## - ADDED ENTRY ELEMENTS (KOHA)
Koha item type Book
Holdings
Withdrawn status Lost status Damaged status Not for loan Permanent Location Current Location Date acquired Source of acquisition Cost, normal purchase price Total Checkouts Full call number Barcode Date last seen Price effective from Koha item type
        School of Natural Sciences (SNS) School of Natural Sciences (SNS) 10/15/2019 Golden Books 12667.50   621.00151AYY SNS0002828 10/15/2019 10/15/2019 Book
© 2023 Central Library, National University of Sciences and Technology. All Rights Reserved.